[Event "OLNW 1920 SF HSK Lister Turm"]
[Site "Hannover"]
[Date "2019.09.29"]
[Round "1.1"]
[White "Abel, Dennes"]
[Black "Ackermann, Dennie"]
[Result "1-0"]
[WhiteElo "2473"]
[BlackElo "2133"]
[PlyCount "93"]
[EventDate "2019.??.??"]
[EventType "team-tourn"]
[EventCountry "GER"]

1. d4 d5 2. c4 e6 3. g3 Nf6 4. Bg2 Be7 5. Nf3 O-O 6. O-O dxc4 7. Qc2 b5 8. a4
Bb7 9. axb5 a6 10. bxa6 Nxa6 11. Qxc4 Bd5 12. Qd3 Nb4 13. Rxa8 Qxa8 14. Qd1 c5
15. Nc3 Bc6 16. dxc5 Bxc5 17. Ne1 Nfd5 18. Nxd5 Nxd5 19. Nd3 Be7 20. Ne5 Bb7
21. Bxd5 Bxd5 22. Nd7 Rd8 23. Nb6 Qb7 24. Nxd5 Rxd5 25. Qc2 Rb5 26. Rd1 Bf6 27.
Rd3 g6 28. b3 Ra5 29. Bb2 e5 30. Rc3 Ra2 31. Rc4 Ra6 32. Rc7 Qd5 33. e4 Qa5 34.
Qc4 Re6 35. b4 Qa4 36. Kg2 Be7 37. Bc3 h5 38. h4 Kh7 39. b5 Qxc4 40. Rxc4 Bd8
41. Rc5 f6 42. Rd5 Bb6 43. Rd7+ Kg8 44. Bb4 f5 45. exf5 gxf5 46. Bd2 Kh8 47.
Rf7 1-0

[Event "OLNW 1920 SF HSK Lister Turm"]
[Site "Hannover"]
[Date "2019.09.29"]
[Round "1.2"]
[White "Pubantz, Jan"]
[Black "Walter, Stefan"]
[Result "1/2-1/2"]
[WhiteElo "2264"]
[BlackElo "2394"]
[PlyCount "60"]
[EventDate "2019.??.??"]
[EventType "team-tourn"]
[EventCountry "GER"]

1. d4 d5 2. c4 e6 3. Nf3 Nf6 4. g3 Be7 5. Bg2 O-O 6. Nc3 dxc4 7. Ne5 Nc6 8.
Bxc6 bxc6 9. Nxc6 Qe8 10. Nxe7+ Qxe7 11. Qa4 c5 12. dxc5 Qxc5 13. Be3 Qc7 14.
Rd1 Bd7 15. Qc2 h6 16. O-O Rab8 17. f3 Rfc8 18. Rd2 Qa5 19. Rfd1 Bc6 20. Rd4
Be8 21. Qc1 Kf8 22. Ne4 Nxe4 23. Rxe4 c3 24. bxc3 Qxc3 25. Qxc3 Rxc3 26. a4
Bxa4 27. Rxa4 Rxe3 28. Kf2 Reb3 29. Rxa7 R3b7 30. Rd7 Rxa7 1/2-1/2

[Event "OLNW 1920 SF HSK Lister Turm"]
[Site "Hannover"]
[Date "2019.09.29"]
[Round "1.3"]
[White "Buchenau, Frank"]
[Black "Kaimer, Thomas"]
[Result "1-0"]
[WhiteElo "2264"]
[BlackElo "2142"]
[PlyCount "71"]
[EventDate "2019.??.??"]
[EventType "team-tourn"]
[EventCountry "GER"]

1. e4 c5 2. g3 Nc6 3. Bg2 g6 4. Ne2 Bg7 5. c3 d6 6. d4 cxd4 7. cxd4 Nf6 8. Nbc3
O-O 9. h3 Bd7 10. O-O Rb8 11. f4 b5 12. e5 Ne8 13. Be3 b4 14. Ne4 b3 15. axb3
a5 16. N2c3 Qb6 17. Ra3 Nb4 18. Qe2 Bc8 19. Rfa1 f5 20. Ng5 h6 21. Nf3 Nc7 22.
Rxa5 d5 23. Nh4 Kh7 24. g4 Ba6 25. Qd1 Bd3 26. gxf5 Bxf5 27. Nxf5 Rxf5 28. h4
e6 29. Bh3 Rff8 30. R5a3 h5 31. Na4 Qb5 32. Nc5 Bh6 33. Ra7 Rf7 34. Nxe6 Rb7
35. Rxb7 Qxb7 36. Nd8 1-0

[Event "OLNW 1920 SF HSK Lister Turm"]
[Site "Hannover"]
[Date "2019.09.29"]
[Round "1.5"]
[White "Hoerstmann, Rudi"]
[Black "Edel, Thomas"]
[Result "1-0"]
[WhiteElo "2250"]
[BlackElo "2070"]
[PlyCount "79"]
[EventDate "2019.??.??"]
[EventType "team-tourn"]
[EventCountry "GER"]

1. Nf3 d5 2. g3 Nf6 3. Bg2 c6 4. c4 Bg4 5. Ne5 Be6 6. cxd5 Bxd5 7. Nf3 g6 8.
Nc3 Bg7 9. O-O O-O 10. d3 h6 11. Qc2 Na6 12. Rb1 Nb4 13. Qa4 a5 14. a3 b5 15.
Qd1 Bxf3 16. Bxf3 Nbd5 17. Bd2 Rc8 18. Qc2 Re8 19. Rfc1 a4 20. b3 axb3 21. Qxb3
Qd6 22. a4 Nxc3 23. Bxc3 bxa4 24. Qxa4 Nd5 25. Bxg7 Kxg7 26. Rc4 c5 27. Rbc1
Nb6 28. Qa1+ Kg8 29. R4c2 c4 30. dxc4 Rc5 31. e3 Rec8 32. Be2 Qe6 33. Qd4 R8c7
34. Rb2 Nd7 35. Bg4 f5 36. Be2 Qe4 37. Qd2 Kg7 38. Rb4 Nf6 39. Qd4 Rd7 40. Qxc5
1-0

[Event "OLNW 1920 SF HSK Lister Turm"]
[Site "Hannover"]
[Date "2019.09.29"]
[Round "1.6"]
[White "Herrmann, Andreas"]
[Black "Hoerstmann, Martin"]
[Result "1-0"]
[WhiteElo "2110"]
[BlackElo "2253"]
[PlyCount "101"]
[EventDate "2019.??.??"]
[EventType "team-tourn"]
[EventCountry "GER"]

1. d4 g6 2. Nf3 Bg7 3. c3 Nf6 4. Bg5 O-O 5. Nbd2 d6 6. e3 c5 7. dxc5 dxc5 8.
Be2 Nc6 9. O-O Be6 10. Bxf6 exf6 11. Bc4 Qe7 12. Bxe6 fxe6 13. e4 Rfd8 14. Qe2
Rd7 15. a4 Na5 16. Nc4 Nxc4 17. Qxc4 Rad8 18. Rfe1 Bh6 19. h3 Kf7 20. a5 Rd3
21. Qb3 Qd7 22. Qc4 Rc8 23. Re2 Rd1+ 24. Rxd1 Qxd1+ 25. Re1 Qd8 26. Qb3 Qe7 27.
Rd1 Rc7 28. Qc4 Bf8 29. g3 h6 30. Qd3 Qe8 31. h4 Be7 32. a6 b6 33. Qe3 Kg7 34.
Qf4 Qc8 35. Nh2 g5 36. Qg4 Rd7 37. Re1 Rd2 38. Rd1 Rxd1+ 39. Qxd1 Qxa6 40. Qd7
Kf8 41. hxg5 hxg5 42. Qxe6 Qa1+ 43. Kg2 Qxb2 44. Ng4 Qxc3 45. e5 Qd4 46. exf6
Bd8 47. Ne5 Qe4+ 48. f3 Qc2+ 49. Kh3 Qh7+ 50. Kg4 Bxf6 51. Nd7+ 1-0

[Event "OLNW 1920 SF HSK Lister Turm"]
[Site "Hannover"]
[Date "2019.09.29"]
[Round "1.7"]
[White "Gentemann, Moritz"]
[Black "Ploog, Martin"]
[Result "1/2-1/2"]
[WhiteElo "2159"]
[BlackElo "2068"]
[PlyCount "91"]
[EventDate "2019.??.??"]
[EventType "team-tourn"]
[EventCountry "GER"]

1. c4 b6 2. Nc3 Bb7 3. e4 c5 4. Nf3 Nc6 5. d4 cxd4 6. Nxd4 g6 7. Be2 Bg7 8. Be3
d6 9. O-O Nxd4 10. Bxd4 Bxd4 11. Qxd4 Nf6 12. e5 dxe5 13. Qxe5 Qb8 14. Qe3 O-O
15. Qxe7 Kg7 16. Rfd1 Re8 17. Qd6 Qc8 18. Qf4 Re6 19. Bf3 Rb8 20. Nd5 Nxd5 21.
cxd5 Rf6 22. Qe5 Qe8 23. Qc7 Qd8 24. Rac1 Rd6 25. h4 h5 26. a3 Rd7 27. Qe5+ f6
28. Qg3 Rc8 29. Bxh5 Qe8 30. Rxc8 Bxc8 31. Bg4 Re7 32. Bxc8 Qxc8 33. h5 g5 34.
d6 Qc2 35. Qf3 Rd7 36. Qd3 Qxd3 37. Rxd3 f5 38. g4 fxg4 39. Kg2 Kh6 40. Kg3
Kxh5 41. Rd5 a6 42. Rd4 b5 43. Rd5 a5 44. b3 b4 45. a4 Rxd6 46. Rxd6 1/2-1/2

[Event "OLNW 1920 SF HSK Lister Turm"]
[Site "Hannover"]
[Date "2019.09.29"]
[Round "1.8"]
[White "Witthaus, Joerg"]
[Black "Wolter, Jens"]
[Result "1/2-1/2"]
[WhiteElo "2024"]
[BlackElo "2132"]
[PlyCount "55"]
[EventDate "2019.??.??"]
[EventType "team-tourn"]
[EventCountry "GER"]

1. d4 d5 2. Nf3 Nc6 3. g3 Bg4 4. Bg2 Qd7 5. c3 f6 6. b4 Bh3 7. O-O g5 8. e4
Bxg2 9. Kxg2 h5 10. Qd3 O-O-O 11. h4 dxe4 12. Qxe4 g4 13. Nfd2 f5 14. Qe2 Qd5+
15. Kg1 Bh6 16. Nc4 Bxc1 17. Rxc1 f4 18. b5 fxg3 19. bxc6 gxf2+ 20. Kxf2 Nh6
21. cxb7+ Kb8 22. Ne5 Rhf8+ 23. Ke1 Nf5 24. Kd1 Ng3 25. Qe3 Nf5 26. Qe2 Ng3 27.
Qe3 Nf5 28. Qe2 1/2-1/2

[Event "OLNW 1920 Hamelner SV - MTV"]
[Site "Tostedt"]
[Date "2019.09.29"]
[Round "1.1"]
[White "Bokros, Albert"]
[Black "Bode, Wilfried"]
[Result "1/2-1/2"]
[WhiteElo "2471"]
[BlackElo "2343"]
[PlyCount "95"]
[EventDate "2019.??.??"]
[EventType "team-tourn"]
[EventCountry "GER"]

1. e4 d6 2. d4 Nf6 3. Nc3 e5 4. Nge2 Be7 5. g3 O-O 6. Bg2 c6 7. a4 a5 8. O-O
Na6 9. h3 Nb4 10. f4 b6 11. Be3 Ba6 12. Re1 Qc7 13. Qd2 Rad8 14. Rad1 Rfe8 15.
g4 Nd7 16. g5 exf4 17. Bxf4 f6 18. h4 Ne5 19. Bg3 Nf7 20. g6 hxg6 21. Nf4 Bc8
22. Nxg6 Kh7 23. Nf4 g5 24. hxg5 fxg5 25. Nh3 Rh8 26. Ne2 Kg8 27. Nf2 g4 28. c3
Na6 29. Nf4 Bh4 30. Re3 Bg5 31. Qd3 Ne5 32. dxe5 dxe5 33. Qc4+ Kh7 34. Ne6
Rxd1+ 35. Nxd1 Bxe3+ 36. Nxe3 Qe7 37. Ng5+ Qxg5 38. Qf7+ Qg7 39. Qxg7+ Kxg7 40.
Bxe5+ Kh7 41. Bxh8 Kxh8 42. e5 Nc5 43. Bxc6 Be6 44. Bb5 Kg7 45. b4 Ne4 46. bxa5
bxa5 47. c4 Kg6 48. Bc6 {(=)} 1/2-1/2

[Event "OLNW 1920 Hamelner SV - MTV"]
[Site "Tostedt"]
[Date "2019.09.29"]
[Round "1.2"]
[White "Tonndorf, Matthias"]
[Black "Szeberenyi, Adam"]
[Result "1/2-1/2"]
[WhiteElo "2171"]
[BlackElo "2387"]
[PlyCount "97"]
[EventDate "2019.??.??"]
[EventType "team-tourn"]
[EventCountry "GER"]

1. e4 c5 2. Nf3 d6 3. Bb5+ Bd7 4. Bxd7+ Qxd7 5. O-O Nc6 6. c3 Nf6 7. Qe2 Qg4 8.
Re1 Ne5 9. d4 Nxf3+ 10. Qxf3 Qxf3 11. gxf3 e6 12. dxc5 dxc5 13. Na3 Be7 14. Be3
O-O 15. Red1 Rfd8 16. Kf1 a6 17. Nc4 b5 18. Na5 Ra7 19. c4 Rc7 20. Rxd8+ Bxd8
21. a4 b4 22. Ke2 Nd7 23. Rd1 Bf6 24. Rd6 Bxb2 25. Rxa6 h6 26. Nb3 g5 27. Ra5
Bd4 28. Nxd4 cxd4 29. Bxd4 Rxc4 30. Kd3 Rc1 31. Ra8+ Kh7 32. Ra7 Nc5+ 33. Bxc5
Rxc5 34. Rxf7+ Kg6 35. Rb7 Rc3+ 36. Ke2 b3 37. a5 Rc2+ 38. Kf1 Ra2 39. Rxb3
Rxa5 40. Kg2 Ra2 41. Rb7 Kf6 42. Rd7 h5 43. Rh7 Kg6 44. Rh8 Re2 45. Rg8+ Kf6
46. Rf8+ Kg7 47. Rc8 Kf6 48. Rg8 Ra2 49. Rf8+ 1/2-1/2

[Event "OLNW 1920 Hamelner SV - MTV"]
[Site "Tostedt"]
[Date "2019.09.29"]
[Round "1.3"]
[White "Nedic, Dusan"]
[Black "Renner, Kai"]
[Result "1-0"]
[WhiteElo "2308"]
[BlackElo "2153"]
[PlyCount "83"]
[EventDate "2019.??.??"]
[EventType "team-tourn"]
[EventCountry "GER"]

1. d4 f5 2. Nf3 Nf6 3. g3 g6 4. Bg2 Bg7 5. O-O O-O 6. b3 d6 7. Bb2 Ne4 8. Nfd2
Nxd2 9. Nxd2 Nc6 10. Nf3 e5 11. dxe5 dxe5 12. e4 Qxd1 13. Raxd1 f4 14. Rd5 fxg3
15. hxg3 Re8 16. a3 a6 17. Kh2 Be6 18. Rd3 Rad8 19. Rfd1 Rxd3 20. Rxd3 Bf6 21.
Bh3 Kf7 22. Bxe6+ Kxe6 23. c4 Rd8 24. Rd5 Rd6 25. b4 b6 26. Kg2 Ne7 27. Bxe5
Bxe5 28. Rxe5+ Kf6 29. Rd5 Rxd5 30. cxd5 h5 31. Kh3 c5 32. bxc5 bxc5 33. g4 c4
34. g5+ Kg7 35. Nd4 c3 36. f4 Kf7 37. d6 c2 38. Nxc2 Nc6 39. Nb4 Na5 40. Nxa6
Nc4 41. e5 Nxa3 42. Nc7 1-0

[Event "OLNW 1920 Hamelner SV - MTV"]
[Site "Tostedt"]
[Date "2019.09.29"]
[Round "1.4"]
[White "van Son, Lutz"]
[Black "Hoegy, Kevin"]
[Result "1-0"]
[WhiteElo "2144"]
[BlackElo "2255"]
[PlyCount "119"]
[EventDate "2019.??.??"]
[EventType "team-tourn"]
[EventCountry "GER"]

1. e4 e5 2. Nc3 Nf6 3. Bc4 Nxe4 4. Qh5 Nd6 5. Bb3 Be7 6. Nf3 Nc6 7. Nxe5 g6 8.
Qe2 Nd4 9. Qd3 Nxb3 10. axb3 O-O 11. O-O c6 12. Re1 Nf5 13. Ne2 Bf6 14. Ng4 Bg7
15. c3 Re8 16. Ne3 d5 17. Nc2 Qb6 18. b4 Re4 19. Ng3 Nxg3 20. Qxg3 Rxe1+ 21.
Nxe1 Bf5 22. d4 Qb5 23. Nf3 Qe2 24. h3 Be4 25. Rxa7 Re8 26. Kh2 Qc2 27. Be3
Qxb2 28. Rxb7 h6 29. Qc7 Rf8 30. Qxc6 Qe2 31. Kg3 Bxf3 32. gxf3 Qd1 33. Kg2 Qc2
34. Rd7 Kh7 35. Rxd5 g5 36. Rc5 f5 37. b5 Rf6 38. Qb7 f4 39. Qe4+ Qxe4 40. fxe4
fxe3 41. fxe3 Bf8 42. Rc7+ Kg8 43. e5 Rb6 44. c4 Bb4 45. Kf3 Kf8 46. d5 Ke8 47.
d6 Kd8 48. Rh7 Bxd6 49. exd6 Rxd6 50. Ke4 Re6+ 51. Kd5 Rxe3 52. Rxh6 Kc7 53. c5
Rf3 54. b6+ Kc8 55. c6 Rf5+ 56. Kd6 Rf8 57. Rg6 Rd8+ 58. Kc5 Rh8 59. Rxg5 Kd8
60. b7 1-0

[Event "OLNW 1920 Hamelner SV - MTV"]
[Site "Tostedt"]
[Date "2019.09.29"]
[Round "1.5"]
[White "Haerig, Wilfried"]
[Black "Schmidt, Dennis"]
[Result "1-0"]
[WhiteElo "2152"]
[BlackElo "2058"]
[PlyCount "83"]
[EventDate "2019.??.??"]
[EventType "team-tourn"]
[EventCountry "GER"]

1. e4 c5 2. Nf3 d6 3. d4 cxd4 4. Nxd4 Nf6 5. Nc3 e6 6. Be3 Be7 7. f3 O-O 8. Qd2
a6 9. O-O-O b5 10. g4 Bb7 11. a3 Nc6 12. Kb1 Rc8 13. h4 Nxd4 14. Bxd4 Nd7 15.
g5 Ne5 16. Qg2 Nc6 17. Be3 b4 18. axb4 Nxb4 19. h5 Qa5 20. g6 Bf6 21. Bd4 e5
22. Be3 Rxc3 23. bxc3 Na2 24. Bc4 Nxc3+ 25. Kb2 d5 26. Bb3 Rb8 27. Ra1 Qb4 28.
Bd2 Rc8 29. gxf7+ Kxf7 30. Qg4 Rc7 31. exd5 Qxg4 32. d6+ Nd5 33. fxg4 Rd7 34.
g5 Bd8 35. c4 Nf4 36. c5+ Kf8 37. Bxf4 exf4 38. Rhg1 Bc6 39. Rxa6 Bb5 40. Ra2
h6 41. gxh6 Bf6+ 42. Kc1 1-0

[Event "OLNW 1920 Hamelner SV - MTV"]
[Site "Tostedt"]
[Date "2019.09.29"]
[Round "1.6"]
[White "Koch, Yannick"]
[Black "Krueger, Robin Kevin"]
[Result "1/2-1/2"]
[WhiteElo "2109"]
[BlackElo "2037"]
[PlyCount "42"]
[EventDate "2019.??.??"]
[EventType "team-tourn"]
[EventCountry "GER"]

1. d4 d5 2. c4 e6 3. Nc3 c5 4. cxd5 exd5 5. Nf3 Nc6 6. g3 Nf6 7. Bg2 Be7 8. O-O
O-O 9. Bg5 c4 10. Ne5 Be6 11. b3 h6 12. Bxf6 Bxf6 13. Nxc6 bxc6 14. e3 c5 15.
Qd2 cxd4 16. exd4 cxb3 17. axb3 Qb6 18. Nxd5 Bxd5 19. Bxd5 Rad8 20. Bc4 Rxd4
21. Qa5 Rxc4 {(=)} 1/2-1/2

[Event "OLNW 1920 Hamelner SV - MTV"]
[Site "Tostedt"]
[Date "2019.09.29"]
[Round "1.7"]
[White "Feist, Mathias"]
[Black "David, Adrian"]
[Result "0-1"]
[WhiteElo "2107"]
[BlackElo "2211"]
[PlyCount "56"]
[EventDate "2019.??.??"]
[EventType "team-tourn"]
[EventCountry "GER"]

1. d4 e6 2. c4 b6 3. a3 Nf6 4. Nc3 Bb7 5. Nf3 d5 6. cxd5 Nxd5 7. Qc2 Nxc3 8.
bxc3 Be7 9. e4 Nd7 10. Bd3 c5 11. O-O Qc7 12. Qe2 Nf6 13. Bb5+ Bc6 14. Ne5 Bxb5
15. Qxb5+ Kf8 16. Qe2 Rd8 17. Be3 Nxe4 18. Qf3 Nf6 19. Bf4 Bd6 20. Rfd1 Nd5 21.
Bg3 c4 22. Bh4 f6 23. Re1 Re8 24. Re4 Kg8 25. Qh5 Rf8 26. Ng4 f5 27. Rxe6 Nf4
28. Qg5 fxg4 0-1

[Event "OLNW 1920 Hamelner SV - MTV"]
[Site "Tostedt"]
[Date "2019.09.29"]
[Round "1.8"]
[White "Jacobi, Felix-Hagen"]
[Black "Paufler, Patrick"]
[Result "1-0"]
[WhiteElo "2082"]
[BlackElo "1701"]
[PlyCount "47"]
[EventDate "2019.??.??"]
[EventType "team-tourn"]
[EventCountry "GER"]

1. e4 c6 2. d4 d5 3. exd5 cxd5 4. Bd3 Nf6 5. c3 Nc6 6. f4 g6 7. Qe2 Qc7 8. Nf3
Ne4 9. Bxe4 dxe4 10. Qxe4 Bf5 11. Qe3 Qa5 12. Nbd2 Rd8 13. O-O Bh6 14. Nh4 Be6
15. Qg3 Rg8 16. f5 Bd5 17. fxg6 hxg6 18. Nf5 Bf8 19. Ne3 Be6 20. Ne4 b6 21. Ng5
Rd6 22. Nxe6 fxe6 23. Qf3 Kd7 24. Nc4 1-0

[Event "OLNW 1920 SV Hellern - SK Nordhorn Blan"]
[Site "?"]
[Date "2019.09.29"]
[Round "1.1"]
[White "Kroeze, Frank"]
[Black "Lingnau, Carsten"]
[Result "1-0"]
[WhiteElo "2396"]
[BlackElo "2418"]
[PlyCount "67"]
[EventDate "2019.??.??"]
[EventType "team-tourn"]

1. e4 c6 2. Nf3 d5 3. Nc3 Bg4 4. h3 Bxf3 5. Qxf3 e6 6. g3 Nf6 7. Bg2 Bb4 8. e5
Nfd7 9. Qg4 Bf8 10. f4 c5 11. O-O h5 12. Qd1 Nc6 13. d3 Qb6 14. Ne2 O-O-O 15.
c3 Ne7 16. Qc2 Nf5 17. Kh2 Nb8 18. a3 Nc6 19. b4 Qc7 20. c4 dxc4 21. Qxc4 g5
22. bxc5 Bg7 23. Rb1 h4 24. g4 Nfd4 25. Nc3 gxf4 26. Bxf4 Bxe5 27. Bxe5 Qxe5+
28. Kh1 Rd7 29. Ne4 Rhd8 30. Nd6+ Rxd6 31. cxd6 Rd7 32. Rxb7 Rxb7 33. Bxc6 Rb6
34. Bd7+ 1-0

[Event "OLNW 1920 SV Hellern - SK Nordhorn Blan"]
[Site "?"]
[Date "2019.09.29"]
[Round "1.2"]
[White "Gronde, Ingo"]
[Black "Elgersma, Simon"]
[Result "1-0"]
[WhiteElo "2228"]
[BlackElo "2118"]
[PlyCount "121"]
[EventDate "2019.??.??"]
[EventType "team-tourn"]

1. e4 c6 2. d4 d5 3. e5 Bf5 4. Nf3 e6 5. Be2 Ne7 6. O-O Ng6 7. Be3 Nd7 8. Nbd2
f6 9. exf6 Qxf6 10. c4 Bd6 11. Qb3 Rb8 12. Rfe1 O-O 13. Nf1 Nf4 14. Bxf4 Bxf4
15. Ng3 Bg4 16. Rad1 Rf7 17. h3 Bxf3 18. Bxf3 Bd6 19. Re2 Nf8 20. Bg4 g6 21.
Qc3 h5 22. Bf3 Nh7 23. Rd3 Ng5 24. Nf1 Rbf8 25. h4 Nxf3+ 26. Rxf3 Qxh4 27. Rxf7
Rxf7 28. Qe1 Qxd4 29. Rxe6 Bc5 30. Ne3 Kg7 31. b4 Bb6 32. c5 Bd8 33. Qb1 Bf6
34. b5 cxb5 35. Qxb5 Qa1+ 36. Qf1 Qxf1+ 37. Kxf1 d4 38. Nd5 Bh4 39. f3 Rf5 40.
Rd6 Re5 41. g4 hxg4 42. fxg4 d3 43. Nf4 Re1+ 44. Kg2 Re2+ 45. Kf3 Rf2+ 46. Ke3
Rxa2 47. Kxd3 Rb2 48. Rxg6+ Kf7 49. g5 Rb4 50. Rf6+ Ke8 51. Re6+ Kd7 52. Rd6+
Ke8 53. Nd5 Rb1 54. g6 a5 55. c6 bxc6 56. Rxc6 Kf8 57. Nf4 Rg1 58. Nh5 Rg5 59.
Rc8+ Ke7 60. g7 Kf7 61. Rf8+ 1-0

[Event "OLNW 1920 SV Hellern - SK Nordhorn Blan"]
[Site "?"]
[Date "2019.09.29"]
[Round "1.3"]
[White "Stotyn, Fabian"]
[Black "Boettcher, Christian"]
[Result "1/2-1/2"]
[WhiteElo "2253"]
[BlackElo "2191"]
[PlyCount "133"]
[EventDate "2019.??.??"]
[EventType "team-tourn"]

1. e4 c6 2. d4 d5 3. exd5 cxd5 4. Bd3 Nc6 5. c3 Nf6 6. Bf4 g6 7. Nd2 Bg7 8. Ne2
Bf5 9. Bxf5 gxf5 10. Ng3 Qd7 11. f3 O-O 12. Nb3 b6 13. Qd3 e6 14. O-O Kh8 15.
Qe3 Rg8 16. Nc1 Na5 17. Nd3 Nc4 18. Qe2 Rac8 19. Ne5 Nxe5 20. dxe5 Ne8 21. Rfd1
Bf8 22. Nh5 Be7 23. Rd3 Bg5 24. Bxg5 Rxg5 25. f4 Rg6 26. Rad1 Kg8 27. c4 Rxc4
28. Rxd5 exd5 29. Qxc4 Rc6 30. Qxd5 Qxd5 31. Rxd5 Kf8 32. Rd2 Ke7 33. Kf2 Rh6
34. Ng3 Nc7 35. h3 Rc6 36. Ke3 Rc4 37. Ne2 Ne6 38. g3 h5 39. Nc3 Nc7 40. Rd6 h4
41. gxh4 Ne6 42. Nd5+ Kf8 43. Nf6 Nxf4 44. Rd8+ Kg7 45. Ne8+ Kg6 46. Nd6 Nd5+
47. Kf3 Rxh4 48. Kg3 Rd4 49. Rg8+ Kh7 50. Rg7+ Kxg7 51. Nxf5+ Kg6 52. Nxd4 Nb4
53. Kg4 Nd3 54. Nc6 a5 55. b4 axb4 56. h4 b5 57. h5+ Kh6 58. Kf5 Kxh5 59. Kf6
Kg4 60. Kxf7 Nxe5+ 61. Nxe5+ Kf5 62. Nc6 Ke4 63. Ke6 Kd3 64. Kd5 Kc3 65. Kc5 b3
66. axb3 Kxb3 67. Kxb5 1/2-1/2

[Event "OLNW 1920 SV Hellern - SK Nordhorn Blan"]
[Site "?"]
[Date "2019.09.29"]
[Round "1.4"]
[White "Stock, Joerg"]
[Black "Oehne, Timo"]
[Result "1/2-1/2"]
[WhiteElo "2208"]
[BlackElo "2097"]
[PlyCount "69"]
[EventDate "2019.??.??"]
[EventType "team-tourn"]

1. e4 c5 2. Nf3 Nc6 3. d4 cxd4 4. Nxd4 e5 5. Nb5 d6 6. N1c3 a6 7. Na3 b5 8. Nd5
Nge7 9. Bd3 Nxd5 10. exd5 Ne7 11. O-O f5 12. c4 bxc4 13. Nxc4 Ng6 14. Be3 Bd7
15. Nb6 f4 16. Qh5 fxe3 17. Nxa8 e2 18. Rfe1 Qxa8 19. Bxg6+ hxg6 20. Qxh8 Qxd5
21. Rxe2 Bc6 22. Qh3 Be7 23. Rc2 Bd7 24. Qg3 Qe6 25. Qb3 d5 26. Rd1 d4 27. Qxe6
Bxe6 28. Re2 Kf7 29. Rxe5 Bxa2 30. Ra5 Bc4 31. Rxd4 Bb5 32. Rd5 Bc4 33. Rd7 Ke8
34. Ra7 Bf6 35. Rc5 1/2-1/2

[Event "OLNW 1920 SV Hellern - SK Nordhorn Blan"]
[Site "?"]
[Date "2019.09.29"]
[Round "1.5"]
[White "Baisakow, Alexander"]
[Black "Happe, Reinhold"]
[Result "0-1"]
[WhiteElo "2207"]
[BlackElo "2108"]
[PlyCount "140"]
[EventDate "2019.??.??"]
[EventType "team-tourn"]

1. e4 e5 2. Nf3 Nf6 3. Nc3 Nc6 4. Bc4 Bc5 5. d3 d6 6. Bg5 Na5 7. Nd5 Nxc4 8.
dxc4 c6 9. Nxf6+ gxf6 10. Bh4 Rg8 11. Qd2 Rg6 12. O-O-O Qb6 13. c3 a5 14. Bg3
Bg4 15. Nh4 Bxd1 16. Nxg6 hxg6 17. Rxd1 O-O-O 18. Qe2 Qc7 19. Qf3 Qe7 20. Bh4
g5 21. Bg3 Qe6 22. Qd3 Kc7 23. Kb1 Rb8 24. f3 Rd8 25. h3 Rb8 26. Be1 Ra8 27.
Bd2 Rc8 28. Bc1 a4 29. b3 axb3 30. axb3 b5 31. Qe2 bxc4 32. Qxc4 Qxc4 33. bxc4
Ra8 34. Kb2 Ba3+ 35. Kb3 Bxc1 36. Rxc1 Kb6 37. Rh1 Kc5 38. g3 Rb8+ 39. Kc2 Kxc4
40. h4 gxh4 41. gxh4 Rb3 42. h5 Rxc3+ 43. Kd2 Ra3 44. h6 Ra8 45. h7 Rh8 46. Ke3
d5 47. Rh4 d4+ 48. Kd2 c5 49. Rh1 Kb5 50. Rh6 c4 51. Kc2 Kb4 52. Rh1 Kc5 53.
Rh6 f5 54. Kd2 fxe4 55. fxe4 f6 56. Kc2 Kb4 57. Rh1 Kc5 58. Rh6 Kb5 59. Kd2 Kb4
60. Rh1 c3+ 61. Kd3 Kb3 62. Rb1+ Ka2 63. Rh1 Kb2 64. Rh6 Kb3 65. Rh2 c2 66.
Rxc2 Rxh7 67. Rc6 Rh3+ 68. Ke2 Re3+ 69. Kd2 Rxe4 70. Rxf6 Kc4 0-1

[Event "OLNW 1920 SV Hellern - SK Nordhorn Blan"]
[Site "?"]
[Date "2019.09.29"]
[Round "1.6"]
[White "Lewin, Tammo"]
[Black "Plasman, Hans"]
[Result "1/2-1/2"]
[WhiteElo "2067"]
[BlackElo "2054"]
[PlyCount "72"]
[EventDate "2019.??.??"]
[EventType "team-tourn"]

1. d4 Nf6 2. c4 e6 3. Nf3 d5 4. Nc3 Bb4 5. cxd5 exd5 6. Qa4+ Nc6 7. Bg5 h6 8.
Bxf6 Qxf6 9. e3 O-O 10. Bb5 Bxc3+ 11. bxc3 Ne7 12. O-O Bf5 13. Ne5 Rfd8 14. Bd3
Bxd3 15. Nxd3 Nf5 16. Rab1 Nd6 17. Ne5 Qe6 18. Rfc1 f6 19. Nd3 c6 20. Nc5 Qf7
21. Rb2 b6 22. Nd3 Rac8 23. Qd1 Qg6 24. Nf4 Qf5 25. Qd3 Qxd3 26. Nxd3 Kf7 27.
f3 Re8 28. Re2 Re7 29. Kf2 Rce8 30. Nb2 Nf5 31. Rce1 Nd6 32. g4 h5 33. h3 hxg4
34. hxg4 Rh8 35. Kg2 Rhe8 36. Kf2 Rh8 {(=)} 1/2-1/2

[Event "OLNW 1920 SV Hellern - SK Nordhorn Blan"]
[Site "?"]
[Date "2019.09.29"]
[Round "1.7"]
[White "Hoellmann, Ludger"]
[Black "Niendieker, Stephan"]
[Result "1/2-1/2"]
[WhiteElo "2079"]
[BlackElo "2095"]
[PlyCount "82"]
[EventDate "2019.??.??"]
[EventType "team-tourn"]

1. Nf3 d5 2. d4 Nf6 3. c4 c6 4. Nc3 e6 5. Bg5 Be7 6. e3 O-O 7. Qc2 Nbd7 8. cxd5
exd5 9. Bd3 Re8 10. h3 Nf8 11. O-O g6 12. Rab1 Ne6 13. Bh6 Ng7 14. b4 a6 15.
Na4 Ne4 16. Nc5 Nd6 17. Bf4 Ra7 18. a4 Bf5 19. Bxd6 Bxd6 20. Rfc1 Qe7 21. Bxf5
Nxf5 22. Qd3 Rc8 23. Rc2 Ng7 24. Rbc1 Ne6 25. Nxe6 Qxe6 26. b5 axb5 27. axb5
Ra3 28. Qe2 Bb8 29. bxc6 bxc6 30. Ra2 Qd6 31. Rxa3 Qxa3 32. Rb1 c5 33. dxc5
Qxc5 34. g3 Bd6 35. Kg2 Qc4 36. Qd1 Qe4 37. Rb2 Be5 38. Rd2 Rc5 39. Kh2 Bf6 40.
h4 Kg7 41. Nd4 Rc4 1/2-1/2

[Event "OLNW 1920 SV Hellern - SK Nordhorn Blan"]
[Site "?"]
[Date "2019.09.29"]
[Round "1.8"]
[White "Hart, Martin"]
[Black "Bierenbroodspot, Paul"]
[Result "1/2-1/2"]
[WhiteElo "2050"]
[BlackElo "2111"]
[PlyCount "103"]
[EventDate "2019.??.??"]
[EventType "team-tourn"]

1. Nf3 d5 2. g3 Nf6 3. Bg2 Bg4 4. h3 Bf5 5. O-O h6 6. d3 e6 7. Nbd2 Bc5 8. c3
O-O 9. Qb3 Bb6 10. a4 c5 11. a5 Bxa5 12. Qxb7 Nbd7 13. Qa6 Bb6 14. c4 Qc7 15.
Re1 Nb8 16. Qa4 Nc6 17. b3 Rad8 18. Bb2 d4 19. Ba3 e5 20. b4 Rfe8 21. Nh4 Bd7
22. b5 Ne7 23. e4 dxe3 24. Rxe3 g5 25. Bb2 Nf5 26. Nxf5 Bxf5 27. Ne4 Nxe4 28.
dxe4 Be6 29. Qc2 Rd7 30. Bf1 Ba5 31. Bxe5 Qxe5 32. Rxa5 Red8 33. Qc3 Qc7 34.
Kg2 Rd4 35. Ra6 R8d7 36. Rc6 Qe5 37. Be2 Kg7 38. Bg4 Rc7 39. Rxc7 Qxc7 40. Rd3
Qe5 41. Rxd4 cxd4 42. Qd3 Qc5 43. Bxe6 fxe6 44. f4 e5 45. fxe5 Qxe5 46. Kf2 Qc5
47. Ke2 Qd6 48. Kd1 Qc5 49. Kc2 h5 50. Kb3 Qd6 51. h4 g4 52. Kc2 1/2-1/2

[Event "OLNW 1920 Delmenhorster SK - SK Lehrte"]
[Site "?"]
[Date "2019.09.29"]
[Round "1.2"]
[White "Hoeffer, David"]
[Black "Stelmaszyk, Nico"]
[Result "0-1"]
[WhiteElo "2337"]
[BlackElo "2190"]
[PlyCount "136"]
[EventDate "2019.??.??"]
[EventType "team-tourn"]

1. e4 c5 2. Nf3 e6 3. b3 b6 4. Bd3 Bb7 5. O-O Nc6 6. Re1 Nf6 7. e5 Nd5 8. Be4
g6 9. c4 Nde7 10. d4 Bg7 11. Bb2 d5 12. exd6 Qxd6 13. Nc3 cxd4 14. Nb5 Qd7 15.
Nfxd4 Nxd4 16. Bxb7 Rd8 17. Bxd4 Bxd4 18. Qxd4 Qxd4 19. Nxd4 Rxd4 20. Rad1 Rd8
21. b4 O-O 22. c5 bxc5 23. bxc5 Kg7 24. g3 Kf6 25. c6 Nd5 26. Rd3 Nc7 27. Ra3
a6 28. Re2 Rd5 29. Kg2 Rfd8 30. h4 Rc5 31. Ree3 a5 32. Re4 Rdd5 33. g4 h6 34.
Rf3+ Ke7 35. Ref4 f5 36. gxf5 exf5 37. Re3+ Re5 38. Rd4 Rxe3 39. Rd7+ Ke6 40.
fxe3 Ne8 41. Rh7 h5 42. Kf3 Nd6 43. Ke2 a4 44. Kd3 Nb5 45. Bc8+ Kf6 46. Bd7 a3
47. Rh8 Na7 48. Kd4 Rc2 49. Kd5 Rxa2 50. Rf8+ Kg7 51. Ra8 Nb5 52. Ra5 Rb2 53.
Kc5 Kf6 54. c7 Nxc7 55. Kd6 Ne6 56. Rxa3 Rd2+ 57. Kc6 Ke7 58. Bc8 Rc2+ 59. Kb7
Nc5+ 60. Kb6 Kd6 61. Kb5 Rb2+ 62. Kc4 Rb8 63. Bxf5 gxf5 64. Ra7 Nd7 65. Ra6+
Ke5 66. Rh6 Nf6 67. Kd3 Rb3+ 68. Kd2 Rxe3 0-1